00833nam a2200229 a 4500008004100000040001200041041000800053044000700061082002500068100003300093245009000126260004700216300005000263490004100313502008800354610002200442650003400464650002900498655004000527700002900567852000700596200313s2018 ii ad||g m|||a00| 0 eng d aKObeng0 aeng aii04223a378.242bIRM17271 aKrishna, S VijayeResearcher10aOrganization Study of Cochin Port Trust with Special Reference to Liquid Bulk Cargo / aKochi :bIndian Maritime University,c2018 avarious pagenation. :bill., charts ;c29 cm.0 aMBA Internship 2017-19 ;v1705305027 aInternship (MBA)–Indian Maritime University. School of Maritime Management, 2019.20aCochin Port Trust 0aPort au Port Peninsula (N.L.) 0aBulk carrier cargo ships 72lcshaDissertations, Academicy20181 aSreejith, U.cDr.eGuide aKO